| 000 | 00541nam a2200181Ia 4500 | ||
|---|---|---|---|
| 003 | OSt | ||
| 005 | 20200724140240.0 | ||
| 008 | 190216s9999||||xx |||||||||||||| ||und|| | ||
| 020 | _a9788173190643 | ||
| 040 | _coclc | ||
| 082 |
_a515.7 _bSOM/F |
||
| 100 |
_aSomasundaram, D _93740 |
||
| 245 | 2 |
_aA First Course In Mathematical Analysis / _cD Somasundaram ; B Choudhary |
|
| 260 |
_bNarosa Pubs House, _aNew Delhi: _c2005. |
||
| 300 | _a606p | ||
| 650 | _aMathematics | ||
| 942 |
_cBK _2ddc _h515.7 _iSOM/F _k515.7 _mSOM/F |
||
| 999 |
_c32055 _d32055 |
||